[Event "CAN-op U2000"]
[Site "Winnipeg CAN"]
[Date "1986.07.13"]
[Round "2"]
[White "Smith, Colin"]
[Black "Brodie, Hugh"]
[Result "0-1"]
[WhiteElo "1400"]
[BlackElo "1947"]
[PlyCount "80"]
[EventDate "1986.07.12"]
[EventType "swiss"]
[EventRounds "10"]
[EventCountry "CAN"]

1. c4 e5 2. g3 Nf6 3. Bg2 d5 4. cxd5 Nxd5 5. Nc3 Nb6 6. e3 Be7 7. Nge2 O-O 8.
O-O Nc6 9. b3 Be6 10. Bb2 f5 11. d4 exd4 12. Nxd4 Nxd4 13. exd4 c6 14. Re1 Bf7
15. Rc1 Bf6 16. Ne2 Nd5 17. a3 Bg5 18. f4 Ne3 19. Qd3 Nxg2 20. Kxg2 Bf6 21. b4
Qd7 22. Ng1 Rad8 23. Nf3 Bd5 24. Kf2 Bxf3 25. Qxf3 Bxd4+ 26. Bxd4 Qxd4+ 27. Kg2
Qb2+ 28. Kh1 Rd2 29. Qf1 Rxh2+ 30. Kg1 Rd2 31. Rcd1 Qd4+ 32. Kh1 Rxd1 33. Rxd1
Qe4+ 34. Kh2 Rf6 35. Rd8+ Kf7 36. Rd7+ Ke8 37. Qd1 Rh6+ 38. Kg1 Rh1+ 39. Kf2
Rxd1 40. Rxb7 Rd2+ 0-1

[Event "CAN-op U2000"]
[Site "Winnipeg CAN"]
[Date "1986.07.13"]
[Round "3"]
[White "Brodie, Hugh"]
[Black "Jarnasz, Mark"]
[Result "1/2-1/2"]
[WhiteElo "1947"]
[BlackElo "1670"]
[PlyCount "46"]
[EventDate "1986.07.12"]
[EventType "swiss"]
[EventRounds "10"]
[EventCountry "CAN"]

1. f4 d5 2. e3 Nf6 3. Nf3 e6 4. b3 g6 5. Bb2 Bg7 6. Be2 O-O 7. O-O c5 8. Qe1
Nc6 9. Ne5 Nxe5 10. Bxe5 a6 11. d3 b5 12. Nd2 b4 13. Qf2 Nd7 14. Bxg7 Kxg7 15.
e4 d4 16. e5 Bb7 17. Bf3 Bxf3 18. Qxf3 Nb6 19. Ne4 Rc8 20. Nf6 Nd5 21. Ng4 h5
22. Nf2 Qe7 23. Rfe1 Nc3 1/2-1/2

[Event "CAN-op U2000"]
[Site "Winnipeg CAN"]
[Date "1986.07.14"]
[Round "4"]
[White "Brodie, Hugh"]
[Black "Sitter, Robert"]
[Result "1-0"]
[WhiteElo "1947"]
[BlackElo "1950"]
[PlyCount "67"]
[EventDate "1986.07.12"]
[EventType "swiss"]
[EventRounds "10"]
[EventCountry "CAN"]

1. e4 d6 2. d4 Nf6 3. Nc3 g6 4. f4 Bg7 5. Nf3 O-O 6. Bd3 c6 7. O-O Na6 8. e5
Nd5 9. Nxd5 cxd5 10. c3 Nc7 11. Qe1 dxe5 12. fxe5 f6 13. Qg3 fxe5 14. Nxe5
Rxf1+ 15. Kxf1 Qf8+ 16. Kg1 Bf5 17. Nxg6 hxg6 18. Bxf5 Qxf5 19. Qxc7 Rf8 20.
Be3 e5 21. dxe5 Bxe5 22. Qxb7 Bxh2+ 23. Kxh2 Qe5+ 24. Kh1 Qxe3 25. Qxd5+ Kh7
26. Qd7+ Kg8 27. Rd1 Qh6+ 28. Qh3 Qf4 29. Rd4 Qc1+ 30. Kh2 Qxb2 31. Qe6+ Kg7
32. Rd7+ Kh6 33. Qe3+ g5 34. Qe6+ 1-0

[Event "CAN-op U2000"]
[Site "Winnipeg CAN"]
[Date "1986.07.15"]
[Round "5"]
[White "Martin, Carl"]
[Black "Brodie, Hugh"]
[Result "1/2-1/2"]
[WhiteElo "1680"]
[BlackElo "1947"]
[PlyCount "86"]
[EventDate "1986.07.12"]
[EventType "swiss"]
[EventRounds "10"]
[EventCountry "CAN"]

1. e4 c5 2. Nf3 Nc6 3. d4 cxd4 4. Nxd4 g6 5. Nc3 Bg7 6. Nb3 Nf6 7. Be2 O-O 8.
O-O d6 9. Be3 Be6 10. f4 Na5 11. f5 Bc4 12. Nxa5 Bxe2 13. Nxb7 Bxd1 14. Nxd8
Bxc2 15. Nc6 Rfe8 16. fxg6 hxg6 17. Bg5 Nxe4 18. Nxe7+ Rxe7 19. Bxe7 Bd4+ 20.
Kh1 Nf2+ 21. Rxf2 Bxf2 22. Bxd6 Rd8 23. Rf1 Bd4 24. Bb4 Rb8 25. Ba3 Kg7 26. h3
a6 27. Rc1 Bf5 28. b3 Re8 29. Bb2 Re3 30. a4 Be4 31. Nxe4 Bxb2 32. Rb1 Rxb3 33.
Nc5 Rb6 34. Nd3 Bd4 35. Rxb6 Bxb6 36. Nb4 a5 37. Nc2 Kf6 38. g4 Ke5 39. Kg2 Ke4
40. h4 Kf4 41. Kh3 Bc5 42. Ne1 Bd6 43. Nc2 Ke4 1/2-1/2

[Event "CAN-op U2000"]
[Site "Winnipeg CAN"]
[Date "1986.07.16"]
[Round "6"]
[White "Kelly, Russ"]
[Black "Brodie, Hugh"]
[Result "1-0"]
[WhiteElo "1675"]
[BlackElo "1947"]
[PlyCount "55"]
[EventDate "1986.07.12"]
[EventType "swiss"]
[EventRounds "10"]
[EventCountry "CAN"]

1. e4 c5 2. Nc3 Nc6 3. Bc4 g6 4. f4 Bg7 5. Nf3 d6 6. O-O e6 7. b3 Nge7 8. Bb2
O-O 9. Na4 a6 10. Bxg7 Kxg7 11. Nb2 b5 12. Be2 e5 13. Nd3 exf4 14. Nxf4 d5 15.
e5 Qc7 16. d4 cxd4 17. Nxd4 Nxe5 18. Bf3 Nf5 19. Nxf5+ Bxf5 20. Bxd5 Rad8 21.
Qd4 f6 22. c4 bxc4 23. Rac1 c3 24. Rxc3 Qa5 25. b4 Qa4 26. Nh5+ gxh5 27. Rxf5
Qd7 28. Rxe5 1-0

[Event "CAN-op U2000"]
[Site "Winnipeg CAN"]
[Date "1986.07.17"]
[Round "7"]
[White "Brodie, Hugh"]
[Black "Velo, Mario"]
[Result "1/2-1/2"]
[WhiteElo "1947"]
[BlackElo "1680"]
[PlyCount "141"]
[EventDate "1986.07.12"]
[EventType "swiss"]
[EventRounds "10"]
[EventCountry "CAN"]

1. e4 e5 2. Nc3 Bc5 3. Bc4 Ne7 4. Nf3 d6 5. d3 O-O 6. O-O Bg4 7. h3 Be6 8. Bb3
Bxb3 9. axb3 f5 10. d4 fxe4 11. Nxe4 exd4 12. Nxd4 Bxd4 13. Qxd4 Nbc6 14. Qd3
Ne5 15. Qe2 Qe8 16. Ng3 Nf5 17. Nxf5 Rxf5 18. Be3 Qg6 19. Ra4 a6 20. Bf4 Re8
21. Bxe5 Rfxe5 22. Qc4+ Qf7 23. Qxf7+ Kxf7 24. Rc4 c6 25. Rd4 Re2 26. Rc1 d5
27. Kf1 R8e4 28. Rxe4 Rxe4 29. f3 Re5 30. Rd1 c5 31. Kf2 Ke6 32. f4 Re4 33. Kf3
Rb4 34. Re1+ Kf7 35. Re5 Rd4 36. Re2 Rd1 37. g3 d4 38. Ke4 Rb1 39. Kd5 Rxb2 40.
Rd2 d3 41. Rxd3 Rxc2 42. Ke5 Ke7 43. g4 b5 44. f5 b4 45. g5 Rc3 46. f6+ gxf6+
47. gxf6+ Ke8 48. Rd6 Re3+ 49. Kf5 Rf3+ 50. Ke6 Re3+ 51. Kf5 Rxb3 52. Rxa6 Rf3+
53. Ke6 Re3+ 54. Kf5 Ra3 55. Rc6 Rc3 56. Ke6 Re3+ 57. Kf5 Rxh3 58. Ke6 Re3+ 59.
Kf5 Rh3 60. Ke6 Re3+ 61. Kf5 b3 62. Rxc5 b2 63. Rb5 Re2 64. Rb7 h5 65. f7+ Kf8
66. Kf6 Rf2+ 67. Kg6 h4 68. Rb8+ Ke7 69. Rb7+ Kf8 70. Rb8+ Ke7 71. Rb7+ 1/2-1/2

[Event "CAN-op U2000"]
[Site "Winnipeg CAN"]
[Date "1986.07.18"]
[Round "8"]
[White "Williams, Terry"]
[Black "Brodie, Hugh"]
[Result "0-1"]
[WhiteElo "1977"]
[BlackElo "1947"]
[PlyCount "58"]
[EventDate "1986.07.12"]
[EventType "swiss"]
[EventRounds "10"]
[EventCountry "CAN"]

1. e4 c5 2. f4 e6 3. Nf3 d5 4. exd5 exd5 5. Nc3 Nf6 6. Bb5+ Nc6 7. O-O Be7 8.
Ne5 Qb6 9. Bxc6+ bxc6 10. b3 c4+ 11. Kh1 cxb3 12. axb3 O-O 13. Na4 Qc7 14. Ba3
Bxa3 15. Rxa3 c5 16. Qe2 Qd6 17. Rfa1 Ba6 18. Qe3 d4 19. Qf3 Bb5 20. Nb2 a6 21.
Nbc4 Qc7 22. Ra5 Rab8 23. R5a2 Rfe8 24. Na3 Rb7 25. Nec4 Bc6 26. Qf2 Re4 27.
Ne5 Nd5 28. g3 Rxe5 29. fxe5 Nf4+ 0-1

[Event "CAN-op U2000"]
[Site "Winnipeg CAN"]
[Date "1986.07.19"]
[Round "9"]
[White "Brodie, Hugh"]
[Black "Stockhausen, Peter"]
[Result "1/2-1/2"]
[WhiteElo "1947"]
[BlackElo "1667"]
[PlyCount "34"]
[EventDate "1986.07.12"]
[EventType "swiss"]
[EventRounds "10"]
[EventCountry "CAN"]

1. e4 g6 2. d4 d6 3. Bc4 Bg7 4. Nf3 Nf6 5. Qe2 O-O 6. h3 c5 7. c3 cxd4 8. cxd4
d5 9. exd5 Nxd5 10. O-O Nc6 11. Be3 Nxe3 12. fxe3 e6 13. Nc3 Bd7 14. Rad1 Ne7
15. Bb3 Bc6 16. e4 Qa5 17. Qe3 Rfd8 1/2-1/2

[Event "CAN-op U2000"]
[Site "Winnipeg CAN"]
[Date "1986.07.20"]
[Round "10"]
[White "Ledorze, Mike"]
[Black "Brodie, Hugh"]
[Result "0-1"]
[WhiteElo "1935"]
[BlackElo "1947"]
[PlyCount "136"]
[EventDate "1986.07.12"]
[EventType "swiss"]
[EventRounds "10"]
[EventCountry "CAN"]

1. d4 e6 2. c4 Bb4+ 3. Bd2 Qe7 4. Nf3 f5 5. Nc3 b6 6. g3 Bb7 7. Bg2 Nf6 8. O-O
Bxc3 9. Bxc3 O-O 10. Ne5 Bxg2 11. Kxg2 d6 12. Nd3 Nbd7 13. Nb4 Ne4 14. Nc6 Qe8
15. Rc1 Nb8 16. Nb4 Nc6 17. d5 Nxc3 18. bxc3 Ne5 19. Qd4 Nd7 20. dxe6 Qxe6 21.
Qd5 Rfe8 22. Rfe1 Nf6 23. Qc6 Qe4+ 24. f3 Qxc6 25. Nxc6 Nd7 26. e4 fxe4 27.
Rxe4 Rxe4 28. fxe4 a5 29. Ne7+ Kf7 30. Nd5 Rc8 31. Rb1 Ne5 32. Rf1+ Ke6 33.
Nf4+ Kd7 34. Nd5 Rd8 35. Ne3 Kc6 36. Rd1 Rf8 37. Rd5 Rf3 38. Nd1 Rd3 39. Kf1
Rxd5 40. cxd5+ Kc5 41. Ke2 Kc4 42. h3 b5 43. Kd2 Nf3+ 44. Kc2 Ne1+ 45. Kd2 Nf3+
46. Kc2 Ng5 47. Nb2+ Kc5 48. Nd3+ Kb6 49. Nf2 c6 50. h4 Nf7 51. Nd3 cxd5 52.
exd5 Ne5 53. Nxe5 dxe5 54. Kd3 Kc5 55. Ke4 Kd6 56. h5 b4 57. c4 a4 58. c5+ Kxc5
59. Kxe5 b3 60. axb3 a3 61. d6 a2 62. b4+ Kxb4 63. d7 a1=Q+ 64. Kd6 Qd4+ 65.
Ke7 Qf6+ 66. Ke8 Qe6+ 67. Kd8 Kc5 68. Kc7 Qc6+ 0-1

[Event "Westmount-Lasalle match"]
[Site "Montreal CAN"]
[Date "1986.05.28"]
[Round "?"]
[White "Dumouchel, Alain"]
[Black "Brodie, Hugh"]
[Result "0-1"]
[WhiteElo "2000"]
[BlackElo "1935"]
[PlyCount "116"]
[EventDate "1986.05.28"]
[EventType "team"]
[EventRounds "1"]
[EventCountry "CAN"]

1. e4 c5 2. d3 Nc6 3. f4 e6 4. Nf3 d5 5. Be2 dxe4 6. dxe4 Qxd1+ 7. Bxd1 Nf6 8.
Nbd2 Be7 9. c3 O-O 10. O-O b6 11. Bc2 Ba6 12. Re1 Rad8 13. e5 Nd5 14. Ne4 Rd7
15. g4 Rfd8 16. f5 Nc7 17. Bg5 Bxg5 18. Nexg5 Bd3 19. Bxd3 Rxd3 20. Kf2 Ne7 21.
fxe6 fxe6 22. Ne4 Ng6 23. Re3 h6 24. c4 Na6 25. a3 Nb8 26. Rae1 Nc6 27. Nc3 Nf4
28. Nb5 Rxe3 29. Rxe3 Nd3+ 30. Ke2 Nxb2 31. Re4 Na4 32. Re3 Rd7 33. Rd3 Rxd3
34. Kxd3 Nb2+ 35. Kc3 Nd1+ 36. Kd2 Nf2 37. g5 Ne4+ 38. Ke3 Nxg5 39. Nxg5 hxg5
40. Ke4 Kf7 41. a4 Ke7 42. h3 Kd7 43. Nd6 Nd8 44. Kf3 Nc6 45. Ke4 Ke7 46. Nb5
Kf8 47. Nd6 Kg8 48. Ne8 Na5 49. Nc7 Kf7 50. Kd3 Nc6 51. Ke4 Nd4 52. Na6 Ke7 53.
a5 Kd7 54. axb6 axb6 55. Ke3 Kc6 56. Ke4 Kb7 57. Nb4 cxb4 58. Kxd4 Kc6 0-1

[Event "Paul Keres mem (11th)"]
[Site "Vancouver CAN"]
[Date "1986.05.17"]
[Round "1"]
[White "Brodie, Hugh"]
[Black "Harris, Philip"]
[Result "1-0"]
[WhiteElo "1936"]
[BlackElo "1996"]
[PlyCount "51"]
[EventDate "1986.05.17"]
[EventType "swiss"]
[EventRounds "7"]
[EventCountry "CAN"]

1. e4 e5 2. Nc3 Nf6 3. f4 d5 4. fxe5 Nxe4 5. Nf3 Bc5 6. d4 Bb6 7. Bd3 Bf5 8.
O-O O-O 9. Qe2 Nc6 10. Be3 f6 11. exf6 Rxf6 12. Nxd5 Rf8 13. Nxb6 axb6 14. c3
Bg6 15. Qc2 Re8 16. Rae1 Kh8 17. b3 b5 18. Bf4 Qd5 19. Nh4 Nf6 20. Nxg6+ hxg6
21. Bxg6 Rxe1 22. Rxe1 b4 23. Bxc7 bxc3 24. Qxc3 Rxa2 25. Qh3+ Kg8 26. Qc8+ 1-0

[Event "Paul Keres mem (11th)"]
[Site "Vancouver CAN"]
[Date "1986.05.17"]
[Round "2"]
[White "Brodie, Hugh"]
[Black "Gardner, David"]
[Result "1/2-1/2"]
[WhiteElo "1937"]
[BlackElo "1967"]
[PlyCount "81"]
[EventDate "1986.05.17"]
[EventType "swiss"]
[EventRounds "7"]
[EventCountry "CAN"]

1. e4 c5 2. Nf3 d6 3. c3 Nf6 4. Bd3 e6 5. Bc2 Be7 6. O-O O-O 7. d4 cxd4 8. cxd4
Qc7 9. Nc3 a6 10. Bg5 h6 11. Bxf6 Bxf6 12. Rc1 Nc6 13. a3 Qb8 14. Qd3 g6 15.
Rfe1 Rd8 16. Qe3 Bg7 17. Ne2 Ne7 18. Nf4 b5 19. b4 Bb7 20. Bb3 a5 21. Qd3 axb4
22. axb4 d5 23. e5 Bc6 24. Rc5 Be8 25. Rec1 Nc8 26. Qd2 Nb6 27. h3 Bf8 28. R5c2
Ra3 29. Rb1 Nc4 30. Qc3 Qb6 31. Nd3 Rda8 32. Nc5 Qa7 33. Rcc1 Qb8 34. Ne1 Qd8
35. Nc2 R3a7 36. Ra1 Rxa1 37. Rxa1 Bc6 38. Ne1 Rxa1 39. Qxa1 Qa8 40. Qxa8 Bxa8
41. Ned3 1/2-1/2

[Event "Paul Keres mem (11th)"]
[Site "Vancouver CAN"]
[Date "1986.05.18"]
[Round "3"]
[White "Nelson, Robert"]
[Black "Brodie, Hugh"]
[Result "1-0"]
[WhiteElo "1937"]
[BlackElo "1937"]
[PlyCount "91"]
[EventDate "1986.05.17"]
[EventType "swiss"]
[EventRounds "7"]
[EventCountry "CAN"]

1. d4 e6 2. Nf3 f5 3. b3 Nf6 4. Bb2 b6 5. e3 Bb7 6. Bd3 Bb4+ 7. c3 Be7 8. Nbd2
O-O 9. O-O Ne4 10. Qc2 d5 11. Ne5 Nd7 12. Nxd7 Qxd7 13. f3 Nxd2 14. Qxd2 Bd6
15. Qe2 e5 16. dxe5 Bxe5 17. Rad1 Qe7 18. Rfe1 Qf6 19. Qc2 Rae8 20. Re2 Kh8 21.
Rdd2 h6 22. c4 dxc4 23. Bxc4 Bxb2 24. Qxb2 Qxb2 25. Rxb2 Rd8 26. Rec2 Rd1+ 27.
Kf2 Rfd8 28. Bf7 g5 29. h3 c5 30. b4 Ba6 31. bxc5 f4 32. exf4 gxf4 33. g3 bxc5
34. gxf4 Kg7 35. Be6 Kf6 36. f5 Kg5 37. Rxc5 R1d2+ 38. Rxd2 Rxd2+ 39. Kg3 h5
40. h4+ Kf6 41. Rc7 Ke5 42. Rxa7 Bf1 43. Ra5+ Kf6 44. f4 Rd3+ 45. Kf2 Bh3 46.
a4 1-0

[Event "Paul Keres mem (11th)"]
[Site "Vancouver CAN"]
[Date "1986.05.18"]
[Round "4"]
[White "Douthwaite, Bryan"]
[Black "Brodie, Hugh"]
[Result "1/2-1/2"]
[WhiteElo "1947"]
[BlackElo "1937"]
[PlyCount "51"]
[EventDate "1986.05.17"]
[EventType "swiss"]
[EventRounds "7"]
[EventCountry "CAN"]

1. e4 c5 2. d4 cxd4 3. c3 Nf6 4. e5 Nd5 5. cxd4 Nc6 6. Nf3 d6 7. Bc4 Nb6 8. Bb3
d5 9. O-O Bg4 10. Be3 e6 11. Nbd2 Be7 12. Rc1 O-O 13. Bc2 Bxf3 14. Nxf3 Rc8 15.
Bb1 f6 16. exf6 Bxf6 17. Qd3 g6 18. Bh6 Re8 19. Bf4 e5 20. dxe5 Nxe5 21. Nxe5
Bxe5 22. Bxe5 Rxe5 23. f4 Re4 24. Qg3 Rxc1 25. Rxc1 Rc4 26. Rf1 1/2-1/2

[Event "Paul Keres mem (11th)"]
[Site "Vancouver CAN"]
[Date "1986.05.19"]
[Round "5"]
[White "North, Robert"]
[Black "Brodie, Hugh"]
[Result "1-0"]
[WhiteElo "2051"]
[BlackElo "1937"]
[PlyCount "81"]
[EventDate "1986.05.17"]
[EventType "swiss"]
[EventRounds "7"]
[EventCountry "CAN"]

1. d4 e6 2. c4 Bb4+ 3. Nd2 f5 4. a3 Bxd2+ 5. Bxd2 b6 6. Bc3 Nf6 7. f3 Bb7 8. e3
O-O 9. Bd3 d6 10. Ne2 Nbd7 11. O-O Qe7 12. Qc2 Rae8 13. Ng3 Qf7 14. Rae1 Nh5
15. Nxh5 Qxh5 16. e4 fxe4 17. Bxe4 Bxe4 18. Qxe4 d5 19. Qc2 c5 20. Qd2 dxc4 21.
dxc5 Qxc5+ 22. Bd4 Qc7 23. Qc3 e5 24. Bf2 Rf6 25. Re4 b5 26. Rfe1 Rd6 27. Qe3
a5 28. f4 Rd5 29. Bg3 b4 30. fxe5 Re6 31. Qf4 c3 32. bxc3 bxc3 33. Rf1 Qc5+ 34.
Kh1 Qe7 35. Rc4 Rc5 36. Rxc5 Nxc5 37. Qc4 Nd7 38. Qxc3 Nxe5 39. Qc8+ Qe8 40.
Qxe8+ Rxe8 41. Re1 1-0

[Event "Paul Keres mem (11th)"]
[Site "Vancouver CAN"]
[Date "1986.05.19"]
[Round "6"]
[White "Brodie, Hugh"]
[Black "Spears, Nicholas"]
[Result "1-0"]
[WhiteElo "1937"]
[BlackElo "1877"]
[PlyCount "87"]
[EventDate "1986.05.17"]
[EventType "swiss"]
[EventRounds "7"]
[EventCountry "CAN"]

1. f4 e5 2. fxe5 d6 3. exd6 Bxd6 4. Nf3 Bg4 5. e4 Nc6 6. Bb5 Nge7 7. d4 a6 8.
Bc4 Ng6 9. Be3 Nh4 10. O-O Bxf3 11. gxf3 Qf6 12. Rf2 O-O-O 13. c3 Bf4 14. Qe2
Qg5+ 15. Kh1 Bxe3 16. f4 Bxf4 17. Na3 Rhf8 18. Rg1 Qh6 19. Qg4+ f5 20. Qxf4 g5
21. Qxg5 Qxg5 22. Rxg5 fxe4 23. Rxf8 Rxf8 24. Rg8 Rxg8 25. Bxg8 e3 26. Be6+ Kd8
27. Bg4 Ne7 28. Nc2 Nef5 29. Bxf5 Nxf5 30. Kg2 Ke7 31. Kf3 Kf6 32. Nxe3 Nxe3
33. Kxe3 Kg5 34. c4 Kg4 35. b4 b5 36. c5 Kf5 37. h4 c6 38. Kf3 h6 39. h5 Kg5
40. Ke4 Kxh5 41. d5 cxd5+ 42. Kxd5 Kg4 43. c6 h5 44. c7 1-0

[Event "Laval VI"]
[Site "Laval CAN"]
[Date "1986.03.22"]
[Round "2"]
[White "Brodie, Hugh"]
[Black "Deschenes, B."]
[Result "1-0"]
[WhiteElo "1915"]
[BlackElo "1600"]
[PlyCount "71"]
[EventDate "1986.03.21"]
[EventType "swiss"]
[EventRounds "5"]
[EventCountry "CAN"]

1. e4 c5 2. Nf3 d6 3. c3 Nf6 4. Bd3 Nc6 5. Bc2 Bg4 6. h3 Bh5 7. d3 e6 8. O-O
Be7 9. Be3 O-O 10. Nbd2 Qc7 11. Rc1 d5 12. d4 c4 13. e5 Nd7 14. Re1 f6 15. exf6
Bxf6 16. g4 Bf7 17. Bg5 Rae8 18. Bxf6 Nxf6 19. Ne5 h5 20. g5 Ne4 21. Nxe4 Nxe5
22. dxe5 dxe4 23. Bxe4 g6 24. h4 Re7 25. Qc2 Kg7 26. Rcd1 Be8 27. Bg2 Ref7 28.
Rd2 Rf4 29. Re4 R4f5 30. Bh3 Rxe5 31. Bxe6 Ba4 32. Qxa4 b5 33. Qc2 Rxe4 34.
Qxe4 Re8 35. Qd4+ Kf8 36. Qf6+ 1-0

[Event "Laval VI"]
[Site "Laval CAN"]
[Date "1986.03.23"]
[Round "4"]
[White "Brodie, Hugh"]
[Black "Barbeau, Sylvain"]
[Result "0-1"]
[WhiteElo "1915"]
[BlackElo "2357"]
[PlyCount "104"]
[EventDate "1986.03.21"]
[EventType "swiss"]
[EventRounds "5"]
[EventCountry "CAN"]

1. e4 e6 2. d3 d5 3. Nd2 c5 4. Ngf3 Nc6 5. g3 Bd6 6. Bg2 Nge7 7. O-O O-O 8. Re1
Qc7 9. Nf1 d4 10. Nh4 e5 11. h3 f6 12. g4 g6 13. Ng3 Be6 14. Rf1 c4 15. Ne2
cxd3 16. cxd3 Nb4 17. Bh6 Rf7 18. a3 Nbc6 19. f4 Qb6 20. fxe5 Bxe5 21. Qd2 Na5
22. Rae1 Nb3 23. Qd1 a5 24. Nf3 Nc6 25. Nf4 Bxf4 26. Bxf4 Nc5 27. e5 Qb3 28.
exf6 Qxd1 29. Rxd1 Rxf6 30. Bg5 Rf7 31. Rfe1 Bb3 32. Rd2 Rc8 33. Ne5 Nxe5 34.
Rxe5 Kg7 35. Bd5 Bxd5 36. Rxd5 h6 37. Bh4 Nb3 38. Rf2 g5 39. Bg3 Rc1+ 40. Kg2
Rxf2+ 41. Bxf2 Rc2 42. Kg3 Rd2 43. Bxd4+ Nxd4 44. Rxd4 Rxb2 45. h4 Rb3 46. hxg5
hxg5 47. a4 Kf6 48. Kf3 Ke5 49. Ke3 Rb4 50. Re4+ Kd5 51. Kf3 Rxe4 52. dxe4+ Kd4
0-1

[Event "RA op"]
[Site "Ottawa CAN"]
[Date "1986.01.11"]
[Round "2"]
[White "Hartman, Brian"]
[Black "Brodie, Hugh"]
[Result "1-0"]
[WhiteElo "2440"]
[BlackElo "1931"]
[PlyCount "63"]
[EventDate "1986.01.11"]
[EventType "swiss"]
[EventRounds "5"]
[EventCountry "CAN"]

1. e4 c5 2. Nf3 Nc6 3. d4 cxd4 4. Nxd4 g6 5. c4 Bg7 6. Be3 Nf6 7. Nc3 Ng4 8.
Qxg4 Nxd4 9. Qd1 e5 10. Bd3 O-O 11. O-O d6 12. Rc1 f5 13. Nd5 f4 14. Bxd4 exd4
15. Be2 d3 16. Bg4 Bxb2 17. Bxc8 Rxc8 18. Rb1 Be5 19. Rxb7 Kh8 20. Qxd3 f3 21.
g3 Qg5 22. Rxa7 Qg4 23. Rb1 Qh3 24. Ne3 Rf4 25. Qf1 Qxf1+ 26. Nxf1 Rxe4 27. Nd2
Rd4 28. Nxf3 Rdxc4 29. Rbb7 h5 30. Nh4 Rg4 31. Kg2 Kg8 32. f4 1-0

[Event "RA op"]
[Site "Ottawa CAN"]
[Date "1986.01.11"]
[Round "3"]
[White "Taylor, Gordon"]
[Black "Brodie, Hugh"]
[Result "1-0"]
[WhiteElo "2304"]
[BlackElo "1931"]
[PlyCount "59"]
[EventDate "1986.01.11"]
[EventType "swiss"]
[EventRounds "5"]
[EventCountry "CAN"]

1. d4 e6 2. c4 Bb4+ 3. Bd2 Qe7 4. e4 c5 5. Bxb4 cxb4 6. Nf3 d5 7. e5 Nh6 8. c5
O-O 9. Qd2 a5 10. a3 bxa3 11. Rxa3 Nc6 12. g4 Nb4 13. Rg1 b6 14. cxb6 Qb7 15.
Nc3 Qxb6 16. Na4 Qc6 17. Nc5 Ba6 18. h3 Bxf1 19. Kxf1 Na6 20. Rxa5 Nxc5 21.
Rxc5 Qb6 22. Kg2 Ra2 23. Rb1 Rb8 24. Qc3 g6 25. b4 Rba8 26. b5 R2a3 27. Rb3 Qa5
28. Rc8+ Kg7 29. Rxa8 Qxc3 30. Raxa3 1-0

[Event "RA op"]
[Site "Ottawa CAN"]
[Date "1986.01.12"]
[Round "4"]
[White "Brodie, Hugh"]
[Black "Burgess, Doug"]
[Result "1-0"]
[WhiteElo "1931"]
[BlackElo "1890"]
[PlyCount "83"]
[EventDate "1986.01.11"]
[EventType "swiss"]
[EventRounds "5"]
[EventCountry "CAN"]

1. e4 d5 2. d4 dxe4 3. Nc3 f5 4. f3 e5 5. dxe5 Qxd1+ 6. Kxd1 Nc6 7. fxe4 Nxe5
8. Nb5 Bd6 9. Nxd6+ cxd6 10. Bb5+ Nc6 11. exf5 Bxf5 12. Bg5 h6 13. Bh4 g5 14.
Bf2 Nge7 15. Kd2 O-O 16. Rf1 Be4 17. Nf3 Bxf3 18. gxf3 Rxf3 19. Bg3 Rf5 20. Bd3
Rxf1 21. Rxf1 Rd8 22. Rf6 Ne5 23. Rxh6 Nxd3 24. Kxd3 Kg7 25. Rxd6 Rxd6+ 26.
Bxd6 Nd5 27. Ke4 Nb6 28. b3 Kg6 29. Ke5 Nd7+ 30. Ke6 Nf6 31. c4 Ne4 32. Kd7 Kf5
33. Kc7 b6 34. Bb4 Nc5 35. Bxc5 bxc5 36. Kd6 Kg4 37. Kxc5 Kh3 38. Kb5 Kxh2 39.
c5 g4 40. c6 g3 41. c7 a6+ 42. Kxa6 1-0

[Event "RA op"]
[Site "Ottawa CAN"]
[Date "1986.01.12"]
[Round "5"]
[White "Brodie, Hugh"]
[Black "Burgess, Paul"]
[Result "1-0"]
[WhiteElo "1931"]
[BlackElo "1827"]
[PlyCount "77"]
[EventDate "1986.01.11"]
[EventType "swiss"]
[EventRounds "5"]
[EventCountry "CAN"]

1. e4 c5 2. Nf3 d6 3. c3 Nf6 4. Bd3 Nc6 5. O-O e6 6. Bc2 Be7 7. Qe2 Qc7 8. d4
O-O 9. h3 Bd7 10. Na3 a6 11. Be3 Rac8 12. Rad1 cxd4 13. cxd4 b5 14. Bd3 Rfd8
15. Rfe1 Nb4 16. Bb1 Be8 17. Bd2 Nc6 18. Nc2 a5 19. Ne3 d5 20. e5 Ne4 21. Nf1
Nxd2 22. N1xd2 Qb6 23. Nf1 Bb4 24. Qd3 g6 25. Re3 Bf8 26. Ng3 Ne7 27. Nh5 Nf5
28. Nf6+ Kh8 29. Ree1 h6 30. g4 Ne7 31. h4 Ng8 32. h5 Nxf6 33. exf6 Qb7 34. Ne5
Kg8 35. hxg6 fxg6 36. Nxg6 Bb4 37. Ne7+ Kf8 38. Qh7 Bxe7 39. Qg7# 1-0

[Event "Westmount-Lakeshore match"]
[Site "Montreal CAN"]
[Date "1986.??.??"]
[Round "?"]
[White "Brodie, Hugh"]
[Black "Leimanis, Andris"]
[Result "1/2-1/2"]
[WhiteElo "1915"]
[BlackElo "1850"]
[PlyCount "107"]
[EventDate "1986.??.??"]
[EventType "team"]
[EventCountry "CAN"]

1. f4 d5 2. e3 Nf6 3. b3 c5 4. Bb2 Nc6 5. Bb5 Bd7 6. Nf3 g6 7. O-O Bg7 8. Bxc6
Bxc6 9. d3 O-O 10. Qe1 e6 11. Nbd2 b6 12. Ne5 Bb7 13. Rf3 d4 14. e4 Nd7 15.
Nxd7 Qxd7 16. Rh3 f5 17. e5 Rf7 18. Nf3 Bf8 19. Ng5 Rg7 20. Qh4 Be7 21. Rf1 Rf8
22. Qh6 Bxg5 23. Qxg5 a5 24. Rg3 Bd5 25. Kf2 a4 26. h4 axb3 27. axb3 Ra8 28.
Ra1 Rxa1 29. Bxa1 Qe7 30. Qh6 Qa7 31. Qg5 Qe7 32. Qh6 Qd8 33. Rh3 Qe7 34. Rh1
Qb7 35. Rg1 Kf8 36. Bb2 Ke8 37. Qg5 Kd7 38. Qf6 Kc6 39. Qd8 Qd7 40. Qa8+ Kc7
41. Qf8 Qe7 42. Qxe7+ Rxe7 43. Ra1 Kb7 44. g3 Re8 45. Ke2 Ra8 46. Rxa8 Kxa8 47.
b4 Kb7 48. bxc5 bxc5 49. c3 dxc3 50. Bxc3 Kc6 51. Bb2 Kb5 52. Kd2 c4 53. Kc3
cxd3 54. Kxd3 1/2-1/2

[Event "Westmount-Lakeshore match"]
[Site "Montreal CAN"]
[Date "1986.11.26"]
[Round "?"]
[White "Ljubic, Daniel"]
[Black "Brodie, Hugh"]
[Result "0-1"]
[WhiteElo "1700"]
[BlackElo "1865"]
[PlyCount "69"]
[EventDate "1986.??.??"]
[EventType "team"]
[EventCountry "CAN"]

1. e4 c5 2. Nf3 Nc6 3. d4 cxd4 4. Nxd4 g6 5. c3 Bg7 6. Bc4 Nf6 7. Qe2 d6 8. h3
Qa5 9. O-O O-O 10. Nd2 Bd7 11. N2f3 a6 12. b4 Qc7 13. b5 Nxd4 14. Nxd4 axb5 15.
Bxb5 Qxc3 16. Bb2 Qb4 17. Bxd7 Nxd7 18. Rfd1 Rfc8 19. Rd3 Nc5 20. a3 Qb6 21.
Rd2 Na4 22. Ra2 Nxb2 23. Raxb2 Rc1+ 24. Kh2 Qc7 25. Nb5 Qc5 26. Rbc2 Be5+ 27.
g3 Rxc2 28. Rxc2 Qb6 29. Kg2 Ra5 30. Nc3 e6 31. Rb2 Qc6 32. Nd1 Bxb2 33. Nxb2
Rxa3 34. Nc4 Ra4 35. Ne3 0-1

[Event "Outaouais op"]
[Site "Hull CAN"]
[Date "1985.11.30"]
[Round "2"]
[White "Maisonneuve, Jude"]
[Black "Brodie, Hugh"]
[Result "1/2-1/2"]
[WhiteElo "1802"]
[BlackElo "1931"]
[PlyCount "53"]
[EventDate "1985.11.29"]
[EventType "swiss"]
[EventRounds "5"]
[EventCountry "CAN"]

1. e4 c5 2. Nf3 Nc6 3. d4 cxd4 4. Nxd4 g6 5. c4 Nf6 6. Nc3 Bg7 7. Be3 Ng4 8.
Qxg4 Nxd4 9. Qd1 Ne6 10. Be2 d6 11. Qd2 O-O 12. O-O Nc5 13. b4 Nd7 14. Rad1 b6
15. c5 bxc5 16. bxc5 dxc5 17. Bb5 Qa5 18. Nd5 Qxb5 19. Nxe7+ Kh8 20. Nxc8 Raxc8
21. Qxd7 Qa5 22. a4 a6 23. Rd5 Rcd8 24. Qc6 Rc8 25. Qd7 Rcd8 26. Qc6 Rc8 27.
Qd7 1/2-1/2